| 000 | 00420cam a2200193ua 4500 | ||
|---|---|---|---|
| 001 | 10431 | ||
| 005 | 20260515114625.0 | ||
| 008 | 190211n ii |||gr||||Z||||||eng | ||
| 020 | _a9789351760146 | ||
| 040 | _cMAIN | ||
| 041 | _aeng | ||
| 082 | _a513 | ||
| 100 |
_aRajesh Verma, _eAuthor. |
||
| 245 | _aObjective arithmetic | ||
| 260 |
_aMeerut: _bArihant. |
||
| 300 | _a816p. | ||
| 653 | _aArithmetic | ||
| 942 | _cBK | ||
| 999 |
_c9410 _d9410 |
||